Statistics for Food A-Z

Click here to take the quiz!

General Stats

  • This quiz has been taken 86 times
  • The average score is 13 of 26

Answer Stats

ClueAnswer% Correct
NIndian bread cooked in a clay ovenNaan
86%
DSweet pastryDanish
75%
SExpensive red spiceSaffron
75%
KRoasted meat on a skewerKebab
72%
MSimple Japanese soupMiso
72%
GHungarian soupGoulash
69%
HBeef pattyHamburger
69%
OFrench dish of beaten and fried eggsOmelet
69%
FMiddle Eastern fried chickpea ballFalafel
68%
ZGreen summer squashZucchini
68%
BRussian beet soupBorscht
63%
QCheese-filled tortillaQuesadilla
61%
VRepulsive Australian yeast extractVegemite
58%
PTraditional Vietnamese soupPho
55%
WGerman sausageWurst
49%
CSalad of mozzarella, tomatoes, and basilCaprese
46%
JSmall oblong candyJelly Bean
38%
ELatin American meat-filled pastryEmpanada
35%
AYellowfin tunaAhi
27%
UJapanese eelUnagi
27%
YEgg popover eaten with roast beefYorkshire Pudding
27%
LScandinavian cranberryLingonberry
25%
RBull testiclesRocky Mountain Oysters
23%
TSmall, triangular cut of beefTri-tip
15%
ISpongy Ethiopian breadInjera
10%
XChinese watermelonXigua
1%

Score Distribution

Percentile by Number Answered

Percent of People with Each Score

Your Score History

You have not taken this quiz